[Event "40th Plunge Open-A 2020"]
[Site "Plunge"]
[Date "2020.07.14"]
[Round "2.8"]
[White "Bagvilas, Lukas"]
[Black "Butvilas, Aistis"]
[Result "0-1"]
[WhiteElo "1907"]
[BlackElo "2103"]
[Annotator "TA"]
[PlyCount "86"]
[EventDate "2020.07.13"]
[EventType "swiss"]
[EventCountry "LTU"]
[SourceTitle "playchess.com"]
[Source "ChessBase"]
[SourceQuality "1"]

{[%evp 9,86,-31,-8,-2,0,-1,3,0,1,0,0,-14,-9,0,0,0,6,0,0,0,0,-13,-5,-73,-56,-45,-69,-97,-94,-109,-109,-100,-103,-100,-112,-104,-89,-93,-89,-129,-70,-102,-56,-81,-59,-108,-98,-85,-83,-94,-92,-112,-104,-156,-181,-191,-212,-443,-423,-541,-325,-343,-335,-324,-314,-385,-385,-386,-379,-723,-723,-587,-370,-374,-369,-29954,-11254,-29995,-29996]} 1. c4 e5 2. Nc3 Bb4 3. Nd5 Bc5 4. d3 c6 5. Nc3 Nf6 6. Nf3 {A21: English Opening: 1...e5 2 Nc3.} d6 7. e3 Qe7 8. Be2 {The position is equal.} O-O 9. O-O Bb6 10. e4 h6 {[#]} 11. Be3 $146 ({Predecessor:} 11. Kh1 a5 12. Ng1 Rd8 13. f4 Na6 14. Bf3 Nc7 15. f5 d5 16. Qe2 Bd4 17. g4 dxc4 18. dxc4 {0-1 (59) Fasser,W (2068)-Rezsek,G (2102) Zalakaros 2009}) 11... Bxe3 12. fxe3 Na6 13. Qc2 Nc7 14. d4 Bg4 15. Nh4 Bd7 16. d5 (16. Nf3 $11 {remains equal.}) 16... Nfxd5 {[%mdl 64] Discovered Attack} 17. exd5 Qxh4 18. Qb3 Rfb8 19. Qa3 c5 20. b4 Na6 21. b5 Nc7 $1 22. e4 b6 23. Qc1 a6 24. a4 Rf8 ({Black should play} 24... axb5 $17 {Hoping for ...b4.} 25. cxb5 Ne8) 25. Bd3 f5 26. a5 Rab8 {Black continues to play with concentration.} 27. bxa6 Nxa6 28. axb6 Rxb6 29. g3 Qg4 $1 30. Be2 {[#]} Qg6 $1 31. exf5 (31. Kh1 $142) 31... Bxf5 $17 32. Nb5 {[#]} Nb4 $1 33. Ra7 $2 (33. Qd2 {was worth a try.}) 33... Rbb8 $19 34. Qd1 Bc2 35. Qd2 Rxf1+ 36. Bxf1 Rf8 37. Bh3 Bf5 38. Bxf5 Qxf5 {[%csl Gf8][%cal Rf5f1]} (38... Rxf5 $2 39. Ra8+ Kh7 40. Ra3 $19) 39. Qe2 $2 (39. Ra1 Qf3 40. Rd1) 39... Qb1+ 40. Kg2 Nd3 {aiming for ...Ne1+.} 41. Nc3 ({Don't go for} 41. Nxd6 $2 Ne1+ 42. Kh3 Nf3 $19) 41... Ne1+ 42. Kh1 $2 (42. Kh3 $19 Qf5+ 43. Qg4 Qf1+ 44. Kh4 Ng2+ 45. Kh5 Rf5+ 46. Kg6 Rf6+ 47. Kh5 Qf5+ 48. Qxf5 Rxf5+ 49. Kg4 Ne3+ {[%mdl 64] Double Attack} 50. Kh4) 42... Qc1 43. Nd1 {[#]} Qxd1 $1 {[%mdl 512] Accuracy: White = 55%, Black = 85%.} 0-1

[Event "40th Plunge Open-A 2020"]
[Site "Plunge"]
[Date "2020.07.14"]
[Round "2.9"]
[White "Simkunaite, Gabija"]
[Black "Stremavicius, Pijus"]
[Result "1/2-1/2"]
[WhiteElo "1871"]
[BlackElo "2163"]
[Annotator "TA"]
[PlyCount "154"]
[EventDate "2020.07.13"]
[EventType "swiss"]
[EventCountry "LTU"]
[SourceTitle "playchess.com"]
[Source "ChessBase"]
[SourceQuality "1"]

{[%evp 9,154,60,56,61,76,31,25,18,30,37,35,27,33,14,14,15,24,13,16,0,10,0,0,0,0,-50,-52,-57,-53,-193,-134,-201,0,0,0,-193,-107,-231,-218,-229,-227,-262,-260,-258,-254,-316,-274,-271,-272,-370,-327,-343,-362,-391,-344,-327,-8,-395,-8,-414,-416,-428,-388,-577,-550,-505,-266,-266,-265,-254,-243,-360,0,0,0,0,85,0,0,0,0,0,0,0,0,0,0,0,0,0,0,0,0,-20,-20,-20,-20,-20,-20,-629,-629,-518,-518,-518,-471,-399,-392,-372,-346,-331,-313,-299,-299,-858,-858,-850,29986,29987,29994,29980,29995,0,0,0,0,0,0,0,0,0,8,8,8,8,8,8,8,8,137,137,137,137,137,137,134,8,8]} 1. e4 b6 2. d4 Bb7 3. Bd3 e6 4. Nf3 d5 5. exd5 Qxd5 6. c4 {B00: Queen's Fianchetto Defence, Nimzowitsch Defence.} (6. O-O {is interesting.} Nf6 7. a4 Qh5 8. Be2 Bd6 9. Nbd2) 6... Bb4+ 7. Bd2 (7. Nc3 {is more complex.} Qd6 8. Bd2 Bxc3 9. Bxc3 Nf6 10. O-O) 7... Bxd2+ 8. Nbxd2 {[#] White has an edge.} Qd8 $146 ({Predecessor:} 8... Qd6 9. Qe2 Nf6 10. d5 O-O 11. dxe6 fxe6 12. O-O Nbd7 13. Ne4 Qf4 14. Nfg5 Nxe4 15. Bxe4 Bxe4 16. Nxe4 {1-0 (80) Meek,S (1928)-Dawson,J (2024) Frome 2009}) 9. O-O Nf6 10. Re1 O-O 11. Qc2 Na6 12. a3 c5 13. Ne4 cxd4 14. Nxf6+ Qxf6 15. Bxh7+ Kh8 16. Be4 d3 $1 {[%cal Rd3c2]} 17. Qd1 Bxe4 18. Rxe4 Qxb2 19. Rh4+ (19. Ne5 $15) 19... Kg8 $17 20. Nd4 (20. Rb1 $17 Qc2 21. Ne1 Qxd1 22. Rxd1) 20... g6 $2 ({Black should try} 20... Rfd8 $19 21. Rb1 Qxd4) 21. Rb1 $11 Qa2 $1 (21... Qxa3 22. Qd2 $16) 22. Nb3 $2 (22. Ra1 $11 Qb2 23. Rb1) 22... Nc5 (22... Qxa3 23. Qd2 $11) (22... Rad8 $19 23. Ra1 Qc2) 23. Nd2 (23. Nxc5 $17 bxc5 24. Qxd3) 23... Kg7 $19 24. Qe1 f6 25. Qe3 Rh8 26. Rg4 Rad8 (26... Qxa3 27. Qg3 $17) 27. h4 Kf7 ({Weaker is} 27... Qxa3 28. Qg3 $11) 28. Re1 Rh5 {White must now prevent ...Re5.} 29. Kh2 Qb2 30. Nf3 e5 31. a4 Rd7 32. a5 e4 $2 (32... d2 $19 33. Rd1 Rd3 34. Rxd2 Qxd2 35. Qxd2 Rxd2 36. Nxd2 bxa5) 33. axb6 $2 {[%mdl 8192]} (33. Rxe4 $1 $11 {and White stays safe.} Nxe4 34. Qxe4) 33... axb6 $2 (33... d2 $19 34. Re2 d1=Q 35. Rxb2 exf3 36. Qxf3 Qxf3 37. gxf3 f5) 34. Rf4 $2 {[%mdl 8192]} (34. Rxe4 $1 $11 Nxe4 35. Qxe4) 34... d2 ({Inferior is} 34... exf3 35. Qe8+ Kg7 36. Re7+ Rxe7 37. Qxe7+ Kh6 38. Qf8+ Kh7 39. Qf7+ Kh8 40. Qf8+ Kh7 41. Qf7+ Kh8 42. Qf8+ Kh7 $11) 35. Re2 f5 ({Worse is} 35... exf3 36. Qe8+ Kg7 37. Re7+ Rxe7 38. Qxe7+ Kg8 39. Qe8+ Kh7 40. Qf7+ Kh8 41. Qf8+ Kh7 42. Qf7+ Kh8 43. Qf8+ Kh7 44. Qe7+ Kg8 45. Qe8+ Kh7 46. Qf7+ $11) 36. Rxd2 (36. g4 $142 Rd3 37. Rxd2 Rxh4+ {[%mdl 64] Deflection} 38. Nxh4 Qxd2 39. Qxd2 Rxd2 40. Kg3) 36... Rxd2 37. Nxd2 Qe5 38. Nf3 Qf6 39. g4 Rh8 40. gxf5 (40. Ng5+ $142 Kg7 41. Kg3) 40... g5 $2 (40... gxf5 $19 41. Nd4 Rxh4+ 42. Rxh4 Qxh4+ 43. Kg2 f4) 41. Rxe4 $1 $11 Nxe4 42. Qxe4 gxh4 {[%mdl 4096] Endgame KQR-KQN} (42... Kf8 $11) 43. Qb7+ (43. Ne5+ $16 Kg7 44. Qb7+ Kg8 45. Qd5+ Kh7 46. Ng4) 43... Kg8 44. Qd7 Rh7 45. Qd5+ Kg7 46. Nd4 Kh6 47. Ne6 Ra7 48. Qd2+ Kh7 49. Qf4 Re7 {...Rxe6 is the strong threat.} 50. Ng5+ Kg8 {And now ...Qe5 would win.} 51. Qg4 Rg7 52. f4 Qb2+ 53. Kh3 Qc3+ 54. Kxh4 $2 {[%mdl 8192] [#]} (54. Kg2 $11) 54... Qe1+ $1 $19 55. Kh3 {Black should prevent Qg2.} Qh1+ 56. Kg3 Qg1+ 57. Kf3 Qxg4+ 58. Kxg4 {KR-KN} Rc7 59. f6 Rxc4 {aiming for ...b5.} 60. Kf5 b5 61. Kg6 $2 (61. Ne6 Ra4 62. Nc5) 61... Rc6 62. f5 b4 $4 {[%mdl 8192] [#]} (62... Ra6 $19 63. Ne6 Ra7) 63. Ne6 Rc8 64. f7+ Kh8 65. Nd4 $2 (65. Kh6 {mates} Rb8 66. Nf4 Rb6+ 67. Ng6+ Rxg6+ 68. fxg6 b3 69. f8=Q#) 65... Ra8 $11 66. f6 Rf8 67. Nb3 Rb8 68. Kf5 Kh7 69. Nc5 Rc8 70. Ke6 Kg6 $132 {[%mdl 2048] Black is fighting back} 71. Nd7 b3 72. f8=Q Rxf8 73. Nxf8+ Kh5 (73... Kg5 $1 $11) 74. Nd7 b2 75. f7 b1=Q 76. f8=Q Qb3+ 77. Ke7 (77. Kd6 $16) 77... Qb4+ {Both players deserved the win here. Accuracy: White = 52%, Black = 68%.} 1/2-1/2

[Event "40th Plunge Open-A 2020"]
[Site "Plunge"]
[Date "2020.07.14"]
[Round "2.10"]
[White "Greicius, Pijus"]
[Black "Baltrunas, Arvydas"]
[Result "1/2-1/2"]
[WhiteElo "1893"]
[BlackElo "1810"]
[Annotator "NA RC"]
[PlyCount "61"]
[EventDate "2020.07.13"]
[EventType "swiss"]
[EventCountry "LTU"]
[SourceTitle "playchess.com"]
[Source "ChessBase"]
[SourceQuality "1"]
[TimeControl "5400+30"]

{[%evp 8,61,44,43,39,26,31,35,30,20,36,28,27,20,36,25,25,16,22,-33,-20,-37,-36,-47,4,-25,9,-39,-33,-135,-19,-52,-35,-50,-18,-58,-52,-100,14,0,0,7,42,0,11,0,4,0,15,17,13,0,0,0,0,0]} 1. d4 {[%emt 0:00:00]} d6 {[%emt 0:00:00]} 2. Nf3 {[%emt 0:00:00]} Bg4 {[%emt 0:00:00]} 3. g3 {[%emt 0:01:20]} Bxf3 {[%emt 0:00:10]} 4. exf3 {[%emt 0:00:02]} g6 {[%emt 0:02:06]} 5. Bg2 {[%emt 0:00:53]} Bg7 {[%emt 0:00:17]} 6. f4 {[%emt 0:00:24] A41: 1 d4 d6: Tartakower System and Modern Defence.} c6 {[%emt 0:00:17]} 7. O-O {[%emt 0:02:52]} e6 {[%emt 0:02:08] [#]} 8. b3 $146 {[%emt 0:03:03]} ({Predecessor:} 8. c3 Ne7 9. Re1 O-O 10. Nd2 Nd7 11. Nf3 Qc7 12. Be3 c5 13. dxc5 Nxc5 14. Bd4 Bxd4 15. Nxd4 {0-1 (26) Sokolov,A (2532)-Svidler,P (2737) St Petersburg 2018}) 8... Ne7 {[%emt 0:00:10]} 9. Bb2 {[%emt 0:01:12]} O-O {[%emt 0:00:41]} 10. Nd2 {[%emt 0:00:41]} d5 {[%emt 0:03:54]} 11. c3 {[%emt 0:04:55]} Nd7 {[%emt 0:02:30]} 12. Qc2 {[%emt 0:04:06]} Rc8 {[%emt 0:00:14]} 13. Ba3 {[%emt 0:00:25]} c5 {[%emt 0:00:49]} 14. dxc5 {[%emt 0:00:54]} Nxc5 {[%emt 0:00:56]} 15. Rac1 {[%emt 0:00:32]} Re8 {[%emt 0:02:24]} 16. Rfd1 {[%emt 0:01:34]} Qa5 {[%emt 0:00:30]} 17. Bb4 {[%emt 0:00:47]} Qb6 {[%emt 0:00:26]} 18. a4 {[%emt 0:01:44] [#]} (18. Qb1 $11) 18... a5 {[%emt 0:00:32]} ({Better is} 18... Na6 $1 $17 {[%cal Ra6b4]} 19. Bxe7 Rxc3) 19. Ba3 {[%emt 0:00:17]} Nf5 {[%emt 0:04:22]} 20. Qb1 {[%emt 0:04:50]} Rc7 {[%emt 0:08:00]} 21. Bf1 {[%emt 0:19:49]} Rec8 {[%emt 0:06:45]} 22. c4 {[%emt 0:01:36] [#]} (22. Bg2 $15) 22... d4 {[%emt 0:09:05]} (22... Bd4 $1 $17 {[%cal Rd4f2]} 23. cxd5 Bxf2+ 24. Kh1 exd5) 23. Bxc5 {[%emt 0:03:42]} Qxc5 {[%emt 0:00:03]} 24. Ne4 {[%emt 0:00:15]} Qa3 {[%emt 0:01:02]} 25. Bg2 {[%emt 0:02:24]} b6 {[%emt 0:01:37]} 26. Qd3 {[%emt 0:02:36]} Qb4 {[%emt 0:18:29]} 27. h4 {[%emt 0:08:27]} h5 {[%emt 0:06:03]} 28. Bh3 {[%emt 0:07:08]} Nd6 {[%emt 0:05:27]} 29. Nxd6 {[%emt 0:01:58]} Qxd6 {[%emt 0:00:03]} 30. Re1 {[%emt 0:00:39]} Rd8 {[%emt 0:00:34]} 31. Bg2 $11 {[%emt 0:07:23]} 1/2-1/2

[Event "40th Plunge Open-A 2020"]
[Site "Plunge"]
[Date "2020.07.14"]
[Round "3.1"]
[White "Pultinevicius, Paulius"]
[Black "Indriunas, Matas"]
[Result "1-0"]
[WhiteElo "2512"]
[BlackElo "2199"]
[Annotator "TA"]
[PlyCount "93"]
[EventDate "2020.07.13"]
[EventType "swiss"]
[EventCountry "LTU"]
[SourceTitle "playchess.com"]
[Source "ChessBase"]
[SourceQuality "1"]

{[%evp 16,93,38,35,50,50,45,43,74,52,60,44,29,26,31,19,35,34,80,12,79,25,49,37,57,16,25,22,39,20,18,-8,-8,-16,-15,-6,-17,-35,-12,-12,9,0,0,0,0,0,0,0,103,99,83,100,97,27,45,16,111,112,83,68,199,200,195,186,186,176,1492,1433,12838,12839,12839,12839,12839,12839,12841,12842,12842,12842,12842,12842]} 1. d4 Nf6 2. c4 g6 3. Nc3 Bg7 4. e4 d6 5. Nf3 O-O 6. h3 e5 7. d5 Na6 8. Bg5 h6 9. Be3 c6 {E90: King's Indian: Classical: Early deviations and 6 h3.} 10. Nd2 Bd7 11. g4 Qe8 {White is slightly better.} 12. a3 {[#]} Nc7 $146 ({Predecessor:} 12... cxd5 13. cxd5 Nc5 14. a4 Qc8 15. Qc2 h5 16. g5 {1-0 (16) Rinaldi,C (2394)-Reinoso,A (2328) ICCF email 2007}) 13. Qb3 b6 14. Rg1 Rb8 15. a4 a6 16. Qa3 c5 17. b3 (17. b4 $16) 17... Kh7 (17... Qe7 $11 {remains equal.}) 18. Qc1 (18. b4 $16) 18... Ng8 19. Bd3 Ne7 20. Nf3 b5 21. a5 Rh8 22. Qc2 Kg8 23. Ne2 h5 24. gxh5 Rxh5 25. h4 Rh8 26. Bg5 f6 {Threatens to win with ...bxc4.} 27. Be3 Qc8 28. Ng3 Bg4 29. Nh2 Rxh4 30. Nxg4 Qxg4 {[#]} 31. b4 $1 {[%mdl 512]} bxc4 (31... cxb4 $11 32. c5 Ne8) 32. Be2 $16 Qd7 33. bxc5 dxc5 34. Bxc5 (34. Qxc4 $16 {And now d6+ would win.} Nc8 35. Rc1) 34... Nc8 35. Bxc4 {Strongly threatening d6+.} Nd6 {[#]} (35... Nb5 $1 $11 {keeps the balance.}) 36. Bxd6 $1 Qxd6 37. Kf1 Nb5 {[#] A mistake that costs the game.} ({Black should try} 37... Rh2 $14) 38. Bxb5 $1 $18 Rxb5 39. Qc8+ Kh7 40. Rc1 {aiming for Rc7.} Rxa5 $2 {[#]} (40... Rb8 41. Qc6 Bf8) 41. Nf5 $1 {[%mdl 512] White is clearly winning.} gxf5 {[#]} 42. Rxg7+ $1 {[%mdl 512]} Kxg7 43. Rc7+ Qxc7 44. Qxc7+ Kf8 45. Qxa5 Rxe4 46. Qd8+ Kf7 47. d6 {Accuracy: White = 81%, Black = 65%.} 1-0

[Event "40th Plunge Open-A 2020"]
[Site "Plunge"]
[Date "2020.07.14"]
[Round "3.2"]
[White "Vardanyan, Aras"]
[Black "Laurusas, Tomas"]
[Result "1-0"]
[WhiteElo "2178"]
[BlackElo "2511"]
[Annotator "TA"]
[PlyCount "85"]
[EventDate "2020.07.13"]
[EventType "swiss"]
[EventCountry "LTU"]
[SourceTitle "playchess.com"]
[Source "ChessBase"]
[SourceQuality "1"]

{[%evp 13,85,16,12,19,33,5,31,35,43,35,31,27,45,0,0,-21,-27,-101,0,-6,-12,-8,0,-8,0,-14,-13,-81,-51,-87,-80,-97,-86,-93,-3,-2,0,-67,-62,-72,-68,-66,-66,-197,-155,-247,-175,-167,-149,-267,-262,-443,-437,-414,454,442,712,693,753,755,5575,4710,29961,29963,29953,5204,5716,5593,2496,2276,29990,29990,29991,29992]} 1. d4 Nf6 2. c4 e6 3. Nc3 Bb4 4. f3 c5 5. d5 O-O 6. e4 d6 7. Nge2 b5 8. Ng3 {E20: Nimzo-Indian: 4 g3 and 4 f3.} ({Reject} 8. cxb5 exd5 9. exd5 Bb7 $15) 8... a6 9. Be2 exd5 10. cxd5 {White is slightly better.} Nbd7 11. O-O c4 12. Be3 Re8 {[#]} 13. a4 $146 ({Predecessor:} 13. Kh1 Bc5 14. Bxc5 Nxc5 15. b4 cxb3 16. axb3 b4 17. Nb5 Qb6 18. Nd4 {1-0 (40) Milov,V (2570)-De Firmian,N (2605) Biel 1995}) 13... Rb8 $1 14. Nf5 Nb6 {And now ...Bxf5 would win.} 15. a5 (15. Nd4 $11 Nbxd5 16. Nxd5 Nxd5 17. exd5 Rxe3 18. Nc6) 15... Bxc3 (15... Nbxd5 $17 16. Nxd5 Nxd5 17. Qxd5 Re5) 16. Bxb6 $11 Rxb6 17. bxc3 Rb7 {aiming for ...Bxf5.} 18. Nd4 Nd7 19. Qe1 Nc5 20. Qg3 (20. Bd1 $11 {keeps the balance.}) 20... Qf6 21. Kh1 Bd7 22. Rfb1 Qg6 23. Qf4 Rc7 ({Black should play} 23... f5 $17 {[%cal Rf5e4]} 24. exf5 Bxf5 25. Qxf5 Qxf5 26. Nxf5 Rxe2) 24. g4 Rec8 25. g5 (25. Rd1 $11) 25... Nd3 26. Qe3 f5 27. gxf6 Qxf6 28. Bxd3 ({Better is} 28. Bf1 $15) 28... cxd3 $19 29. f4 (29. Rd1 $17 Rxc3 30. Rxd3 Rxd3 31. Qxd3) 29... Qh6 30. Rg1 Rxc3 31. Rae1 {[#]} (31. Rg2 $17) 31... b4 $1 32. e5 $2 (32. Rg2) 32... dxe5 33. Qxe5 Re8 $4 {[%mdl 8192] [#]} (33... b3 $19 {and all is fine.} 34. Qe7 d2) 34. Nf5 $1 $18 {[%mdl 576] Double Attack} Rxe5 (34... Qxh2+ $142 35. Kxh2 Rxe5 36. Rxe5 g6) 35. Nxh6+ Kf8 36. fxe5 {Ref1+ is the strong threat.} gxh6 {[%mdl 4096] Endgame KRR-KRB} 37. e6 Be8 38. e7+ Kf7 39. Rgf1+ Kg6 40. Rf8 Rc8 41. d6 {White wants to mate with Rxe8!} d2 42. Rg1+ Kh5 {[#]} 43. Rxe8 $1 {[%mdl 576] Remove Defender, Promotion. What a bad dream for Black. Accuracy: White = 58%, Black = 56%.} 1-0

[Event "40th Plunge Open-A 2020"]
[Site "Plunge"]
[Date "2020.07.14"]
[Round "3.3"]
[White "Butvilas, Aistis"]
[Black "Brazdzionis, Andrius"]
[Result "1-0"]
[WhiteElo "2103"]
[BlackElo "2342"]
[Annotator "TA"]
[PlyCount "115"]
[EventDate "2020.07.13"]
[EventType "swiss"]
[EventCountry "LTU"]
[SourceTitle "playchess.com"]
[Source "ChessBase"]
[SourceQuality "1"]

{[%evp 9,115,0,0,0,0,0,0,0,0,0,0,0,5,0,0,0,0,0,8,0,17,15,76,12,21,16,89,89,84,85,89,72,100,39,85,82,94,94,96,100,90,93,140,137,139,146,135,131,137,124,184,189,186,185,188,186,184,164,168,156,161,146,152,155,171,168,165,163,237,237,363,361,352,352,356,346,369,380,391,387,404,411,1014,341,335,320,358,344,393,383,462,462,419,355,363,285,426,286,271,231,237,208,324,324,4674,4674,29990,29991]} 1. d4 Nf6 2. c4 e6 3. Nc3 Bb4 4. f3 c5 5. d5 b5 6. e4 {E20: Nimzo-Indian: 4 g3 and 4 f3.} O-O {6...0-0 is the modern continuation.} 7. Nh3 bxc4 8. Bxc4 {The position is equal.} Nxd5 9. Bxd5 exd5 10. Qxd5 Ba6 11. Bf4 ({Reject} 11. Qxa8 Bxc3+ 12. bxc3 Qh4+ 13. Kd1 Nc6 $15) 11... Nc6 12. Kf2 c4 13. Rhd1 Be7 14. Kf1 {[#]} Qb6 $146 ({Predecessor:} 14... Nb4 15. Qxd7 Nd3 16. Qxd8 Raxd8 17. Be3 Bd6 18. Rab1 Bxh2 19. Nf2 Be5 20. Nxd3 cxd3 {½-½ (28) Murray,T (2555)-Sasikiran,K (2558) ICCF email 2017}) 15. Rd2 $36 {[%mdl 2048] White is pushing.} Rac8 (15... Nb4 $11 {remains equal.} 16. Qxd7 Bc5) 16. Bd6 ({White should try} 16. Rad1 $16) 16... Nb4 $11 17. Qd4 Qxd4 (17... Bxd6 $1 $11 {keeps the balance.} 18. Qxb6 axb6 19. Rxd6 {[%mdl 64] Double Attack} Rc6 20. Rxd7 Bc8) 18. Rxd4 $16 Bxd6 19. Rxd6 Rb8 20. Rad1 Bc8 21. Nf4 ({White should play} 21. Nf2 $16) 21... Re8 22. R1d2 {White now steadily converts the win.} Kf8 23. h4 Ke7 24. R6d4 Nc6 25. Rd5 ({Not} 25. Rxc4 Ba6 $17) 25... f6 26. Kg1 Ne5 27. Ra5 a6 28. Nfd5+ Kf7 29. Ne3 Rd8 (29... Re6 $16 {is a better defense.} 30. Rc5 Rc6 31. Rxc6 dxc6) 30. Ra4 $18 Bb7 31. Nxc4 Nxc4 32. Rxc4 Bc6 33. Rcd4 a5 34. Nd5 Rb5 35. Ne3 Rdb8 36. b3 g6 37. Kf2 Rh5 38. Kg3 a4 (38... Rc5 $142 39. Kf4 Rh5) 39. b4 ({But not} 39. bxa4 $6 Ra5 $16) 39... f5 (39... Bb5 $142 40. a3 Rc8) 40. exf5 gxf5 41. a3 Ke7 42. Kf2 Rf8 43. Nd5+ Bxd5 44. Rxd5 Rxh4 45. Rxd7+ {[%mdl 4096] Endgame KRR-KRR} Ke6 (45... Ke8 $142 46. Ra7 Rf7) 46. R7d6+ $2 (46. Ke3 {Intending f4 and mate.} Re8 47. R2d6+ Ke5 {[#]} 48. f4+ $1 {[%mdl 512]} Rxf4 49. Rd5+ Kf6+ 50. Kxf4 Re4+ 51. Kf3) 46... Ke7 47. Ra6 Rc8 48. Rxa4 Rc1 49. Ra7+ Ke6 50. Ra6+ Ke7 51. Kg3 Rch1 52. Rad6 f4+ 53. Kf2 Ra1 54. R6d4 Rxa3 55. Rb2 Ke6 (55... Ra7 {might work better.} 56. Re2+ Kf7) 56. b5 {[%cal Bb4b5,Bb5b6,Bb6b7][%mdl 32]} Ke5 $2 (56... Ra7 57. b6 Rb7) 57. b6 Rh1 {[#]} 58. b7 $1 {[%mdl 512] Accuracy: White = 87%, Black = 60%.} 1-0

[Event "40th Plunge Open-A 2020"]
[Site "Plunge"]
[Date "2020.07.14"]
[Round "3.4"]
[White "Sakalauskas, Vaidas"]
[Black "Eigminas, Kipras"]
[Result "1-0"]
[WhiteElo "2335"]
[BlackElo "2116"]
[Annotator "TA"]
[PlyCount "81"]
[EventDate "2020.07.13"]
[EventType "swiss"]
[EventCountry "LTU"]
[SourceTitle "playchess.com"]
[Source "ChessBase"]
[SourceQuality "1"]

{[%evp 17,81,64,101,97,104,100,110,104,115,108,124,104,133,94,89,95,98,59,143,35,40,33,52,27,30,0,9,-9,-14,-70,-58,-83,-69,-68,-53,-60,-83,-93,-103,-147,-122,-114,-125,-205,-39,-37,-40,-37,0,-38,-31,-35,-68,-161,-44,-148,119,122,376,364,362,365,1460,1422,2110,1769]} 1. d4 Nf6 2. c4 c5 3. d5 g6 4. Nc3 Bg7 5. e4 d6 6. Bd3 O-O 7. h3 e6 8. Nf3 Nbd7 9. O-O e5 10. Re1 {E90: King's Indian: Classical: Early deviations and 6 h3.} h6 {[#]} 11. Be3 $146 ({Predecessor:} 11. a3 Nh7 12. Qc2 Ndf6 13. b4 b6 14. bxc5 bxc5 15. Rb1 {½-½ (15) Kopylov,M (2407)-Sattarov,B (2459) chess.com INT 2020}) 11... Nh7 12. Qc2 {White is better.} Kh8 13. Rab1 b6 14. a3 Ndf6 15. b4 Nh5 16. bxc5 bxc5 17. Qd2 f5 (17... Nf4 $14) 18. Qd1 (18. Bxh6 $16 {Black must now prevent Nb5.} f4 19. Bxg7+ Kxg7 20. Be2) 18... f4 $14 19. Bd2 g5 20. Nh2 N5f6 $1 21. Be2 Rf7 22. Rb3 Bf8 23. Qc2 (23. Kh1 $11) 23... h5 $1 $15 24. f3 g4 25. fxg4 hxg4 26. hxg4 Ng5 27. Bf3 Rh7 {[%mdl 1024] Black has strong compensation.} 28. Nd1 {[%cal Bc3d1,Bd1f2,Bf2h3,Bh3f4,Bf4e6,Be6g5][%mdl 32]} Be7 $1 29. Nf2 Qf8 $1 {[%cal Rf8h6] Hoping for ...Qh6.} 30. Bd1 (30. Nf1 $17 {might work better.}) 30... Bd8 $2 (30... Qh6 $19 31. Nf3 Nxf3+ 32. Bxf3 Nxg4 $1 {[%mdl 512]}) 31. Nf3 Nxf3+ 32. Bxf3 ({Not} 32. gxf3 $2 Qh6 $17) 32... Nd7 33. Nh3 Qg7 34. Reb1 Nb6 35. Be1 ({White should try} 35. Nf2 $15) 35... Bd7 (35... Bxg4 $19 36. Bxg4 Qxg4) 36. Rd3 ({White should play} 36. Qe2 $15) 36... Bc7 $2 {[%mdl 8192] [#]} (36... Bxg4 $17 {stays on course.} 37. Bxg4 Qxg4) 37. Nxf4 $1 $16 Bxg4 $2 {[%mdl 8192]} (37... Rg8 $16 {keeps fighting.}) 38. Bxg4 $18 Qxg4 {[#]} 39. Ne6 $1 {Threatens to win with Rg3.} Qxe4 $2 (39... Rg8 40. Qf2 Nd7) 40. Ng5 {[%mdl 64] Double Attack} Qxc4 41. Rc3 {What a bad dream for Black. Accuracy: White = 58%, Black = 56%.} 1-0

[Event "40th Plunge Open-A 2020"]
[Site "Plunge"]
[Date "2020.07.14"]
[Round "3.5"]
[White "Juksta, Karolis"]
[Black "Simkunaite, Gabija"]
[Result "1-0"]
[WhiteElo "2366"]
[BlackElo "1871"]
[Annotator "TA"]
[PlyCount "41"]
[EventDate "2020.07.13"]
[EventType "swiss"]
[EventCountry "LTU"]
[SourceTitle "playchess.com"]
[Source "ChessBase"]
[SourceQuality "1"]

{[%evp 17,41,45,46,44,37,34,39,25,191,128,195,147,176,194,502,444,441,341,1045,1043,1056,810,811,806,29982,12241]} 1. d4 Nf6 2. c4 e5 3. dxe5 Ng4 4. Bf4 Nc6 5. Nf3 Bb4+ 6. Nc3 Bxc3+ 7. bxc3 Qe7 8. Qd5 f6 9. exf6 Nxf6 10. Qd3 {A52: Budapest Gambit.} d6 11. g3 Bg4 12. Bg2 {[#] White is slightly better.} O-O-O $146 {[#]} (12... O-O $11) ({Predecessor:} 12... O-O 13. O-O Rae8 14. Rfe1 b6 15. Nd4 Ne5 16. Bxe5 Qxe5 17. Nc6 Qh5 18. f3 Bh3 19. Nxa7 Bxg2 20. Kxg2 Nd7 21. Qd5+ Qf7 22. Nb5 {1-0 (22) Dos Santos,M (1783)-Oliveira,C (1717) Curitiba 2016}) 13. O-O ({White should play} 13. Nd4 $1 $18) 13... h6 (13... Qe4 $16 14. Nd4 Qxd3 15. exd3 Ne5) 14. Rab1 {[%cal Ba1b1,Bb1b7,Bb7a7,Ba7c7][%mdl 32] And now Rxb7! would win.} g5 15. Be3 {Threatens to win with Rxb7!} Nd7 $2 (15... b6 16. h3 Bd7) 16. Nd4 Nde5 17. Nxc6 Nxc6 $2 {[#]} (17... bxc6 18. Qc2 Qe6) 18. Rxb7 $1 $18 {[%mdl 512]} Ne5 (18... Kxb7 19. Rb1+) 19. Rxa7 Kd7 20. Qe4 {Black must now prevent Rxc7+!} Bxe2 {[#]} 21. Rxc7+ $1 {[%mdl 512] Black did not feel at home in the position after the opening. Accuracy: White = 64%, Black = 28%.} 1-0